000 00548nam a2200229Ia 4500
003 OSt
005 20220924141913.0
006 a|||||r|||| 00| 0
007 ta
008 220923b |||||||| |||| 00| 0 ben d
024 _a299748
037 _cTextual
040 _aARTS
_cARTS
_bben
041 _2ben
_aben
082 _aR3xM61x, 157K0
100 _aThakur
_9154826
245 0 _aManusher dharma
260 _c1960
650 _aPHILOSOPHY
942 _hR3xM61x, 157K0
_cTEXL
_2CC
999 _c448662
_d448662